Atomic Numbers - Statistics

General Stats
  • This quiz has been taken 7 times
  • The average score is 25 of 118
Answer Stats
Hint Answer % Correct
P 15
83%
Be 4
67%
H 1
50%
Na 11
50%
Mg 12
50%
Al 13
50%
Si 14
50%
S 16
50%
Ar 18
50%
K 19
50%
He 2
50%
Ca 20
50%
V 23
50%
Cr 24
50%
Mn 25
50%
Fe 26
50%
Co 27
50%
Cu 29
50%
Zn 30
50%
Se 34
50%
Br 35
50%
Kr 36
50%
B 5
50%
C 6
50%
N 7
50%
O 8
50%
F 9
50%
Ne 10
33%
Nh 113
33%
Mc 115
33%
Lv 116
33%
Og 118
33%
Cl 17
33%
Sc 21
33%
Ni 28
33%
Li 3
33%
Ga 31
33%
Ge 32
33%
Rb 37
33%
Ba 56
33%
Au 79
33%
Hg 80
33%
Bi 83
33%
Po 84
33%
Ra 88
33%
U 92
33%
Pu 94
33%
Fm 100
17%
Md 101
17%
Mt 109
17%
Fl 114
17%
Ts 117
17%
Ti 22
17%
As 33
17%
Sr 38
17%
Y 39
17%
Mo 42
17%
Tc 43
17%
Ag 47
17%
In 49
17%
Sn 50
17%
Te 52
17%
I 53
17%
Xe 54
17%
Cs 55
17%
Hf 72
17%
Pb 82
17%
Rn 86
17%
Pa 91
17%
Np 93
17%
Am 95
17%
Es 99
17%
No 102
0%
Lr 103
0%
Rf 104
0%
Db 105
0%
Sg 106
0%
Bh 107
0%
Hs 108
0%
Ds 110
0%
Rg 111
0%
Cn 112
0%
Zr 40
0%
Nb 41
0%
Ru 44
0%
Rh 45
0%
Pd 46
0%
Cd 48
0%
Sb 51
0%
La 57
0%
Ce 58
0%
Pr 59
0%
Nd 60
0%
Pm 61
0%
Sm 62
0%
Eu 63
0%
Gd 64
0%
Tb 65
0%
Dy 66
0%
Ho 67
0%
Er 68
0%
Tm 69
0%
Yb 70
0%
Lu 71
0%
Ta 73
0%
W 74
0%
Re 75
0%
Os 76
0%
Ir 77
0%
Pt 78
0%
Tl 81
0%
At 85
0%
Fr 87
0%
Ac 89
0%
Th 90
0%
Cm 96
0%
Bk 97
0%
Cf 98
0%
No matching quizzes found
Score Distribution
Percent of People with Each Score
Percentile by Number Answered
Your Score History
You have not taken this quiz